লোডিং...

Mechanical engineering design

গ্রন্থ-পঞ্জীর বিবরন
প্রধান লেখক: Shigley, Joseph E.
অন্যান্য লেখক: Mischke, Charles R.
বিন্যাস: Printed Book
ভাষা:English
প্রকাশিত: New Delhi Tata McGraw-Hill 2001
সংস্করন:6th ed.
বিষয়গুলি:
LEADER 00707nam a2200253 a 4500
001 adlib96000001
003 ViArRB
005 20151026132044.0
008 960221s1955 dcuabcdjdbkoqu001 0deng d
020 |a 0-07-049462-2 
022
040 |a Adlib 
082 |a 621.9 
245 |a Mechanical engineering design 
250 |a 6th ed. 
260 |a New Delhi  |b Tata McGraw-Hill  |c 2001 
300 |a xxiv, 1231p. 
500 |a   
100 |a Shigley, Joseph E. 
700 |a Mischke, Charles R. 
942 |c BK  |6 _ 
653 |a Mechanical engineering- Design 
999 |c 40806  |d 40806 
952 |0 0  |1 0  |4 0  |6 6219_SHI  |7 0  |9 52748  |a UL  |b UL  |d 2010-06-16  |l 4  |o 621.9 SHI  |p 00051712  |r 2014-10-10  |s 2014-09-19  |w 2010-06-16  |y BK